Central Library OPAC University of Rajshahi

Nuclear weapons and the conflict of conscience / (Record no. 59277)

MARC details
000 -LEADER
fixed length control field 00662nam a2200217 a 4500
001 - CONTROL NUMBER
control field 59277
003 - CONTROL NUMBER IDENTIFIER
rucl marc code BD-RjUL
005 - DATE AND TIME OF LATEST TRANSACTION
control field 20211209080719.0
008 - FIXED-LENGTH DATA ELEMENTS--GENERAL INFORMATION
fixed length control field 161222s1962 nyu b 00000 eng d
035 ## - SYSTEM CONTROL NUMBER
System control number (BD-RjUL)
040 ## - CATALOGING SOURCE
Original cataloging agency ANL
Language of cataloging eng
Modifying agency ANL
Transcribing agency BD-RjUL
041 ## - LANGUAGE CODE
Language code of text/sound track or separate title eng
082 04 - DEWEY DECIMAL CLASSIFICATION NUMBER
Classification number 172.422
Edition number 23
Author mark and year NUC 1962
245 00 - TITLE STATEMENT
Title Nuclear weapons and the conflict of conscience /
Statement of responsibility, etc. edited by John C. Bennett.
260 ## - PUBLICATION, DISTRIBUTION, ETC. (IMPRINT)
Place of publication, distribution, etc. London :
Name of publisher, distributor, etc. Lutterworth Press,
Date of publication, distribution, etc. c1962.
300 ## - PHYSICAL DESCRIPTION
Pagination 191 p. ;
Size 22 cm.
500 ## - GENERAL NOTE
General note Includes bibliography.
650 #0 - SUBJECT ADDED ENTRY--TOPICAL TERM
Topical term or geographic name as entry element Nuclear warfare
General subdivision Moral and ethical aspects.
9 (RLIN) 176305
700 1# - ADDED ENTRY--PERSONAL NAME
Personal name Bennett, John Coleman,
Dates associated with a name 1902-
942 ## - ADDED ENTRY ELEMENTS (KOHA)
Source of classification or shelving scheme Dewey Decimal Classification
Koha item type Books
Holdings
Lost status Source of classification or shelving scheme Damaged status Not for loan Collection code Permanent Location Current Location Shelving location Date acquired Source of acquisition Cost, normal purchase price Total Checkouts Full call number Date last seen Copy number Koha item type
  Dewey Decimal Classification   Not For Loan Non-fiction Central Library, University of Rajshahi Central Library, University of Rajshahi Reading Room 09/03/1967 Mirza Pak Agency 19.75   172.422 NUC 1962 22/12/2016 C-1 Books